000 00472nam a22001577a 4500
005 20240807085056.0
008 240807b |||||||| |||| 00| 0 eng d
041 _aEnglish
082 _a349 SOU
100 _lEnglish
245 _aSouth African Law Reports: Transvaal
260 _aGrahamstown, Cape Colony:
_bAfrican Book Company Ltd,
_c1910
300 _bix, 337 pages;
_c25 cm.
650 _aLegal practice
_bLaw
942 _cBK
_6ALISON_BN_VRIES
999 _c2475
_d2475